Black Eyed Peas - I Gotta Feeling [lyrics] - Statistics

General Stats
  • This quiz has been taken 75 times
  • The average score is 53 of 125
Answer Stats
Answer % Correct
feel
100%
I
100%
feeling…
98%
feeling
98%
go
98%
got
98%
gotta
97%
a
95%
to
95%
be
94%
good
94%
gonna
92%
night
92%
that
91%
it
83%
it…
83%
it)
83%
tonight’s
83%
and
78%
the
77%
up
75%
up)
75%
let
73%
let’s
73%
(let’s
73%
we
73%
do
66%
my
64%
My
64%
Oh
64%
we’ll
55%
all
52%
on
52%
on !)
52%
get
50%
know
48%
party
48%
come
45%
(come
45%
down
45%
down)
45%
have
45%
Monday
45%
you
45%
out
44%
Friday
42%
Saturday
42%
Sunday
42%
Thursday
42%
Tuesday
42%
Wednesday
42%
live
41%
then
41%
again
39%
her
39%
money
39%
God
38%
God)
38%
everyday
36%
just
36%
I’m
34%
(I’m
34%
easy
33%
kick
33%
like
33%
(like
33%
rock
33%
roof
33%
ball
31%
fill
31%
here
31%
lose
31%
OFF
31%
off
31%
(woo)
31%
control
30%
cup
30%
at
28%
don’t
28%
smash
28%
(smash
28%
spend
28%
if
27%
mazel
27%
now
27%
say
27%
(say)
27%
shut
27%
(shut
27%
take
27%
way
27%
what
27%
look
25%
shot
25%
sofa
25%
stop
25%
tov
23%
wanna
23%
burn
22%
jump
22%
cause
20%
dancing
20%
move
20%
(move
20%
top
20%
body
19%
stressed
19%
town
19%
town)
19%
(drank)
16%
(woohoo)
16%
woohoo
16%
keep
14%
around
13%
paint
13%
(paint
13%
(la
9%
round
9%
clock
8%
(hey !)
6%
loosing
6%
paid)
6%
chaim)
5%
spaced
5%
lost
2%
No matching quizzes found
Score Distribution
Percent of People with Each Score
Percentile by Number Answered
Your Score History
You have not taken this quiz